Statistics for Succession - L to the OG Lyrics

Click here to take the quiz!

General Stats

  • This quiz has been taken 37 times
  • The average score is 143 of 219

Answer Stats

Lyrics% Correct
L
100%
(OG)
97%
OG
97%
the
94%
to
94%
A-N
91%
a
88%
I
85%
he
82%
playing
82%
Playing
82%
be
79%
Dude
70%
King
70%
of
70%
Yo
67%
Born
64%
and
61%
And
61%
East
61%
fuck
61%
like
61%
on
61%
pro
61%
Side
61%
we
61%
in
58%
North
58%
you
58%
Dad
55%
it
55%
When
55%
Logan
52%
motherfuckin'
52%
time
52%
Time
52%
best
48%
bitch
48%
Father
48%
go
48%
I'm
48%
salute
48%
say
48%
stan
48%
alive
45%
Bank
45%
roll
45%
See
45%
up
45%
well
45%
80k
42%
at
42%
baby
42%
But
42%
but
42%
Creator
42%
Daddy
42%
fatty
42%
Hamptons
42%
Kenny
42%
Kong
42%
news
42%
pucker
42%
rhymes
42%
ride
42%
rolling
42%
since
42%
so
42%
Squiggle
42%
wine
42%
y'all
42%
Your
42%
50
39%
A-1
39%
all
39%
been
39%
Bitches
39%
bro
39%
Don't
39%
don't
39%
Handmade
39%
hell
39%
I've
39%
Just
39%
kiss
39%
loot
39%
mouth
39%
now
39%
ratings
39%
ring
39%
run
39%
suits
39%
through
39%
years
39%
balling
36%
big
36%
decks
36%
dues
36%
general
36%
get
36%
his
36%
many
36%
paid
36%
raking
36%
sick
36%
try
36%
twisted
36%
views
36%
while
36%
catty
33%
gonna
33%
haters
33%
he's
33%
Never
33%
Rock
33%
Shaper
33%
stop
33%
strong
33%
Five-star
30%

Score Distribution

Percentile by Number Answered

Percent of People with Each Score

Your Score History

You have not taken this quiz